<?xml version="1.0" encoding="UTF-8"?>
<record
    xmlns:xsi="http://www.w3.org/2001/XMLSchema-instance"
    xsi:schemaLocation="http://www.loc.gov/MARC21/slim http://www.loc.gov/standards/marcxml/schema/MARC21slim.xsd"
    xmlns="http://www.loc.gov/MARC21/slim">

  <leader>01810nam a2200277   4500</leader>
  <controlfield tag="001">114522</controlfield>
  <controlfield tag="003">DR-UNIBE</controlfield>
  <controlfield tag="005">20260325113711.0</controlfield>
  <controlfield tag="008">260325b2009    sp ||||| |||| 00| 0 spa d</controlfield>
  <datafield tag="020" ind1=" " ind2=" ">
    <subfield code="a">9788466322485</subfield>
  </datafield>
  <datafield tag="020" ind1=" " ind2=" ">
    <subfield code="a">8466322485</subfield>
  </datafield>
  <datafield tag="040" ind1=" " ind2=" ">
    <subfield code="a">BIBLIOTECA UNIBE</subfield>
    <subfield code="b">spa</subfield>
    <subfield code="c">BIBLIOTECA UNIBE</subfield>
  </datafield>
  <datafield tag="041" ind1=" " ind2=" ">
    <subfield code="a">spa</subfield>
  </datafield>
  <datafield tag="082" ind1=" " ind2=" ">
    <subfield code="2">22</subfield>
    <subfield code="a">863.64 C355p</subfield>
  </datafield>
  <datafield tag="100" ind1="1" ind2=" ">
    <subfield code="a">Castro D&#xED;az, Mercedes,</subfield>
    <subfield code="d">1972-</subfield>
    <subfield code="e">autor</subfield>
    <subfield code="9">203720</subfield>
  </datafield>
  <datafield tag="245" ind1="1" ind2="2">
    <subfield code="a">Y punto /</subfield>
    <subfield code="c">Mercedes Castro D&#xED;az</subfield>
  </datafield>
  <datafield tag="250" ind1=" " ind2=" ">
    <subfield code="a">Primera edici&#xF3;n</subfield>
  </datafield>
  <datafield tag="260" ind1=" " ind2=" ">
    <subfield code="a">Madrid :</subfield>
    <subfield code="b">Punto de lectura :</subfield>
    <subfield code="b">Santillana Ediciones Generales, S.L.,</subfield>
    <subfield code="c">2009</subfield>
  </datafield>
  <datafield tag="300" ind1=" " ind2=" ">
    <subfield code="a">812 p&#xE1;ginas ;</subfield>
    <subfield code="c">20 cm</subfield>
  </datafield>
  <datafield tag="490" ind1=" " ind2=" ">
    <subfield code="a">Punto de lectura ;</subfield>
    <subfield code="v">323/1</subfield>
  </datafield>
  <datafield tag="520" ind1="3" ind2=" ">
    <subfield code="a">Sensible por dentro y dura por fuera, mujer y polic&#xED;a, Clara Deza se enfrenta cada d&#xED;a a un mundo hostil, marcado por la oposici&#xF3;n n entre su vida laboral, con superiores que no la respetan, compa&#xF1;eros que van de la incomprensi&#xF3;n a la sobreprotecci&#xF3;n y delincuentes que la enternecen, y su vida personal, con un matrimonio que es a la vez remanso de paz y jaula de fieras... Un d&#xED;a, tras recibir un mensaje desconcertante de su mejor confidente, comprende que est&#xE1; ante su caso m&#xE1;s importante, un caso que la lleva a bucear en las cloacas de una sociedad de apariencia brillante, pero tan cruel como despiadada... Con una poderosa voz narrativa cargada de iron&#xED;a, Mercedes Castro irrumpe en el panorama literario con la historia de una mujer que se mueve entre claros y oscuros, una protagonista tan de carne y hueso que traspasa las p&#xE1;ginas de esta novela con su humor agridulce, su contundente fragilidad y un inconformismo esencial que va m&#xE1;s all&#xE1; de cualquier punto y final.</subfield>
  </datafield>
  <datafield tag="650" ind1=" " ind2="7">
    <subfield code="2">lemb</subfield>
    <subfield code="a">Novela espa&#xF1;ola</subfield>
  </datafield>
  <datafield tag="650" ind1=" " ind2="7">
    <subfield code="2">lemb</subfield>
    <subfield code="a">Literatura espa&#xF1;ola</subfield>
  </datafield>
  <datafield tag="655" ind1=" " ind2="7">
    <subfield code="2">lemb</subfield>
    <subfield code="a">Novela</subfield>
    <subfield code="9">173685</subfield>
  </datafield>
  <datafield tag="942" ind1=" " ind2=" ">
    <subfield code="2">ddc</subfield>
    <subfield code="c">BK</subfield>
  </datafield>
  <datafield tag="999" ind1=" " ind2=" ">
    <subfield code="c">114522</subfield>
    <subfield code="d">114522</subfield>
  </datafield>
  <datafield tag="952" ind1=" " ind2=" ">
    <subfield code="0">0</subfield>
    <subfield code="1">0</subfield>
    <subfield code="2">ddc</subfield>
    <subfield code="7">0</subfield>
    <subfield code="8">GEN</subfield>
    <subfield code="a">Principal</subfield>
    <subfield code="d">2026-01-23</subfield>
    <subfield code="l">0</subfield>
    <subfield code="o">863.64 C355p</subfield>
    <subfield code="p">260237</subfield>
    <subfield code="r">2026-03-25 11:51:22</subfield>
    <subfield code="t">Ej. 1</subfield>
    <subfield code="w">2026-03-25</subfield>
    <subfield code="y">BK</subfield>
  </datafield>
</record>
